000 00695nam a2200253Ia 4500
003 OSt
005 20220928103626.0
006 a|||||r|||| 00| 0
007 ta
008 220927b |||||||| |||| 00| 0 eng d
020 _c250
024 _a107599
037 _b255, 08/03/2010, Granthlok
_cTextual
040 _aSDCL
_cSDCL
_beng
041 _2eng
_aeng
082 _aNT51k, P4
100 _aNaseem Kamal
_9405818
245 0 _aGreek natya-kala kosh.
260 _aNew Delhi
_bRastiya Natya Vidyalay
_c2004
300 _a230p.
_ccm.
650 _aHindi
_9391598
942 _hNT51k, P4
_cTEXL
_2CC
999 _c721435
_d721435